The European environment and CAP reform : policies and prosects for conservation
Αποθηκεύτηκε σε:
| Άλλοι συγγραφείς: | |
|---|---|
| Μορφή: | Βιβλίο |
| Γλώσσα: | English |
| Δημοσίευση: |
Wallingford :
CAB International,
c1996
|
| Θέματα: | |
| Ετικέτες: |
Προσθήκη ετικέτας
Δεν υπάρχουν, Καταχωρήστε ετικέτα πρώτοι!
|
MARC
| LEADER | 00000nam a2200000 i 4500 | ||
|---|---|---|---|
| 001 | 1/87339 | ||
| 008 | 990722s1996 eng d | ||
| 020 | |a 0851991068 | ||
| 035 | |l 10052271 | ||
| 040 | |a GR-MY-UA |b gre |e aacr | ||
| 041 | 0 | |a eng | |
| 082 | 0 | |a 333.7614 | |
| 245 | 1 | 4 | |a The European environment and CAP reform : |b policies and prosects for conservation / |c edited by Martin Whitby |
| 260 | |a Wallingford : |b CAB International, |c c1996 | ||
| 300 | |a x, 271 p.; |b ill., maps; |c 24 cm. | ||
| 500 | |a Consists of papers, in edited form, first presented at a meeting held in Brighton, England, in March 1995 | ||
| 650 | 0 | 0 | |a Agriculture |x Environmental aspects |z European Union countries |x Congresses. |
| 650 | 0 | 0 | |a Agriculture |x Environmental aspects |x Government policy |z European Union countries |x Congresses. |
| 650 | 0 | 0 | |a Agriculture and state |z European Union countries |x Congresses. |
| 650 | 0 | 0 | |a Environmental policy |z European Union countries |x Congresses. |
| 650 | 0 | 0 | |a Environmental law |z European Union countries |x Congresses. |
| 700 | 1 | |a Whitby, Martin Charles. |4 edt | |
| 852 | |a INST |b LESVOS |e 19990722 |h 333.7614 EUR |p 005100024036 |q 005100024036 |t BK |y 0 | ||
| 901 | |a BIBL1-2000-2 | ||
| 909 | |a Λ |b 062740 | ||
| 922 | |a 1ΕΛΗ |b 199812 |c ΚΠΣ/ΤΓ |d LEADER | ||
| 950 | |a 118-1998-10-19 | ||
| 970 | |z 2000/04/ΜΙΧΑΗΛΙΔΟΥ ΑΝΝΑ | ||